Logo quiz by FX - Statistics

General Stats
  • This quiz has been taken 29 times
  • The average score is 9 of 9
Answer Stats
Picture Hint Answer % Correct
#wi###r Twitter
100%
A###e Apple
96%
####l# Google
96%
M######'# McDonald's
96%
###e Nike
96%
P###S####on PlayStation
96%
S###bu## Starbucks
96%
### Ups
93%
####p##i# Wikipedia
89%
No matching quizzes found
Score Distribution
Percent of People with Each Score
Percentile by Number Answered
Your Score History
You have not taken this quiz